书目信息 |
| 题名: |
建筑采光设计标准 GB/T50033-2001
|
|
| 作者: | 中华人民共和国建设部 主编 | |
| 分册: | ||
| 出版信息: | 北京 中国建筑工业出版社 2001.10 |
|
| 页数: | 83页 | |
| 开本: | 20cm | |
| 丛书名: | ||
| 单 册: | ||
| 中图分类: | TU113.54-65 | |
| 科图分类: | ||
| 主题词: | 建筑学:物理学 | |
| 电子资源: | ||
| ISBN: | 7-112-15112-0 | |
| 000 | 00700nam0 2200193 45 | |
| 001 | 0237569421 | |
| 005 | 2002041510260943 | |
| 010 | @a7-112-15112-0@dRMB 14.00 | |
| 100 | @a20020415d2001 km y0chiy0120 ea | |
| 101 | 0 | @achi |
| 102 | @aCN@b110000 | |
| 200 | 1 | @a建筑采光设计标准 GB/T50033-2001@AJian Zhu Cai Guang She Ji Biao Zhun GB/T50033-2001@f中华人民共和国建设部主编@FZhong Hua Ren Min Gong He Guo Jian She Bu Zhu Bian |
| 210 | @a北京@c中国建筑工业出版社@d2001.10 | |
| 215 | @a83页@d20cm | |
| 606 | 0 | @a建筑学:物理学 |
| 690 | @aTU113.54-65@v3 | |
| 701 | 0 | @a中华人民共和国建设部@AZhong Hua Ren Min Gong He Guo Jian She Bu@4主编 |
| 801 | 0 | @aCN@bPFT@c20020415 |
| 905 | @a安徽大学@dTU113.54-65@eJ310 | |
| 建筑采光设计标准 GB/T50033-2001/中华人民共和国建设部主编.-北京:中国建筑工业出版社,2001.10 |
| 83页;20cm |
| ISBN 7-112-15112-0:RMB 14.00 |
| ● |
| 相关链接 |
|
|
|
正题名:建筑采光设计标准 GB/T50033-2001
索取号:TU113.54-65/J310
 
预约/预借
| 序号 | 登录号 | 条形码 | 馆藏地/架位号 | 状态 | 备注 |
| 1 | 23873 | 200110806 | 建筑库101/101建筑库 26排4列1层/ [索取号:TU113.54-65/J310] | 在馆 | |
| 2 | 23874 | 200109060 | 自科二线404/404自科库 10排1列2层/ [索取号:TU113.54-65/J310] | 在馆 | |
| 3 | 23875 | 200109024 | 自科二线404/404自科库 5排3列4层/ [索取号:TU113.54-65/J310] | 在馆 | |
| 4 | 355083 | 203550834 | 建筑库101/404自科库 24排6列5层/ [索取号:TU113.54-65/J310] | 在馆 | |
| 5 | 355084 | 203550843 | 建筑库101/404自科库 24排6列5层/ [索取号:TU113.54-65/J310] | 在馆 | |
| 6 | 355085 | 203550852 | 建筑库101/404自科库 24排6列5层/ [索取号:TU113.54-65/J310] | 在馆 | |
| 7 | 355535 | 203555358 | 建筑库101/404自科库 24排6列5层/ [索取号:TU113.54-65/J310] | 在馆 | |
| 8 | 355536 | 203555367 | 建筑库101/404自科库 24排6列5层/ [索取号:TU113.54-65/J310] | 在馆 | |
| 9 | 355537 | 203555376 | 建筑库101/404自科库 24排6列5层/ [索取号:TU113.54-65/J310] | 在馆 |